| 000 | 00321nam a22001217a 4500 | ||
|---|---|---|---|
| 020 | _a9780763779436 | ||
| 050 |
_aRJ 496 _b.L35I6 |
||
| 100 | _aHoodin, B. Ronald | ||
| 245 |
_aIntervention in child language disorders/ _cRonald B. Hoodin |
||
| 260 |
_aUSA: _bJones and Bartlet, _c2011. |
||
| 300 | _a255p. : | ||
| 942 |
_2lcc _cGEN |
||
| 999 |
_c9684 _d9684 |
||